00678nam a2200241 a 4500001001300000003000900013005001700022008004100039020001000080082001500090100002300105245001900128260003400147300000900181500003500190505002400225650002200249700002300271902000800294942000700302952011200309999001500421nice12345678IN_TiNIC20260116012410.0050524s1978 dela grp 000 0 urd  ac2.500a297.7bTHA aThanwi, Ashraf Ali aTaleem-Ud-Deen aDelhibDeeni Book Depo,c1978 a144p aincludes index and biblioraphy2 aIndex, Bibliography aIslamic-Education1 aThanwi, Ashraf Ali bSRS cBK 001040708StackRoom-aHMIbHMId2007-07-12g2.50l0o297.7 THAp010356r2007-07-12v2.50w2005-05-24yBK c6861d6861